Регионална библиотека "Любен Каравелов" - Русе

Отглеждане на билки (Запис номер 24885)

MARC детайли
000 -Лидер
Контролно поле с фиксирана дължина 01176nam a2200313 c 4500
003 - Код на организацията, давaща контролен номер
Контролно поле BLK
005 - Дата и час на последна редакция
Контролно поле 20210807132604.0
008 - Елементи от данни с фиксирана дължина
fixed length control field 180413b bul|||||r ||||||| ||bul||
010 ## - Наследен системен номер
LC control number KNG00027413000
020 ## - Международен стандартен номер на книга ISBN
Международен стандартен номер на книга ISBN 954-707-028-2
-- издат.: Колхида
040 ## - Източник на каталожния запис
Идентификатор на билиотеката - собственик на записа BLK
041 ## - Код за език
Код за езика на текст/звукозапис или на отделно заглавие Български
Код за езика КДБФ Български
080 ## - УДК
Текстов определител УДК Етеричномаслени растения. Ароматни, оцветителни, дъбилни, лекарствени растения
УДК код - определител по УДК 633.8
УДК определител (035)
УДК - код + определител 633.8(035)
139 ## - Редно поле
Редна дума Отглеждане на билки
Авторски знак Отг - О 89
245 10 - Сведения за заглавието
Заглавие Отглеждане на билки
Редно поле (дума) състав. Денио Денев.
257 ## - Страна на издаване
Страна на създаване/издаване България
260 ## - Област на издателските данни
-- София
Име на издателя, разпространителя и проч. Колхида
Година на издаване 1999
300 ## - Физическа характеристика
Страници 312 с.
Илюстрации и др. с ил.
Размери/Мащаб 21 см
380 ## - Жанр
Жанр Селско стопанство
650 #4 - Допълнително описание по предмет – тема
Основно описание – тема или топоним Медицински растения - агротехника - наръчници и ръководства
9 (RLIN) 242459
653 ## - Ключова дума – ненормативна
Ключова дума отглеждане
653 ## - Ключова дума – ненормативна
Ключова дума билки
700 1# - Други автори (авторска отговорност)
Лично име Денев, Денио
Автороска отговорност (Описва отношението между автора и произведението) състав.
9 (RLIN) 267891
852 ## - Местоположение
Форматна сигнатура Цб 200380
856 4# - Електронен адрес и достъп
Електронен формат pdf - файл
Път до файла /url/
856 4# - Електронен адрес и достъп
Електронен формат pdf - файл
Път до файла /url/
942 ## - АРТИКУЛИ
Вид на библиотечния материал Книги
Скрит в OPAC Не
Koha issues (borrowed), all copies 1
944 ## - СЪЗДАВАНЕ И РЕДАКЦИЯ на ЗАПИСА
Създаване/Редакция Създаване
Дата на регистрацията/редакция 15.01.2003
Служител, извършил регистрацията/редакцията AB_DOS
944 ## - СЪЗДАВАНЕ И РЕДАКЦИЯ на ЗАПИСА
Създаване/Редакция Редакция
Дата на регистрацията/редакция 05.01.2017
Служител, извършил регистрацията/редакцията Лили_Борисова
999 ## - СИСТЕМНИ КОНТРОЛНИ НОМЕРА
Koha biblionumber 24885
Koha biblioitemnumber 24885
Наличности
Код за отписване Код за изгубен артикул Източник на класификационната схема Код за повреда Коз за рестрикции Код за отдаване Артикулен № Име на библиотеката - собственик Име на библиотеката, в която се намира в момента Статус (Текущо местоположение) Дата на вписване в системата Местоположение - отдел Цена в лева Инвентарен номер Систематично азбучна сигнатура Баркод Номер на екземпляра Цена в евро Служебен тип на артикула
Изтеглен Не е изгубен Universal Decimal Classification Не е повреден без рестрикции заемане за дома 40939 Регионална библиотека "Любен Каравелов" Русе Регионална библиотека "Любен Каравелов" Русе Заемна - подръчен фонд 2001-01-01 Заемна - подръчен фонд 3.80 655754 П 633.8/О 89 655754 1 1.94 Книги
  Не е изгубен Universal Decimal Classification Не е повреден без рестрикции ползва се в читалня 40940 Регионална библиотека "Любен Каравелов" Русе Регионална библиотека "Любен Каравелов" Русе Хранилище 2001-01-01 Хранилище 3.80 647903 Цб 200380 120000647903 2 1.94 Книги
Vip Innovations Ltd, Rousse, Bulgaria 2025